000 00776nam a22002897a 4500
003 DO-SdBNP
005 20171205123358.0
008 040827s1987 sp | ||| ||spa
016 7 _a
017 _a
_b
020 _a8476347812
035 _a
040 _aBPMSU
_bspa
_cBPMSU
_e
041 1 _aspa
_h
080 _a
082 _axxxx
_bxxxx
100 1 _aVerne, Jules
_d1828-1905
240 1 0 _aAutour de la lune
_lEspañol
245 1 0 _aViaje alrededor de la luna /
_cJulio Verne; traducción D. J. Sala
_h
250 _a2a ed.
260 _aBarcelona :
_bOrbis,
_c1987.
300 _a220 p. ;
_bil.:
_c20 cm.
700 1 _aSala, D. J.,
_etr.
942 _2ddc
_cBK
945 _ainventariado extranjero / DG
956 _aBTAVAREZ
_210
_320171109
_6BPMSU
_80038
999 _c12823
_d12823